00565nam a2200193 a 450000500170000000800410001701000140005802000260007203500130009803700150011104000180012608200060014410000190015024500420016926000450021127000660025630000290032265000200035120020626165708.0000825s2001 nyu | b 00| 1 eng  aENG-91578 a9788124114247c395.00 aEN-75111 bDBAD / PUB adplbEnglish  aN aBansal, Atiya  aThe city form here /cby Atiya Bansal aNew Delhi bHar-Anand Publicationsc2008 aE-49/3, Okhla Industrial Area, Phase-II, bNew Delhi e110020 a264p.:c22cm (pbk)bill  aEnglish fiction